Management Processes & Organisational Behaviour Part - 1 (Record no. 9307)

MARC details
000 -LEADER
fixed length control field 00372nam a2200145Ia 4500
008 - FIXED-LENGTH DATA ELEMENTS--GENERAL INFORMATION
fixed length control field 221030s9999 xx 000 0 und d
041 ## - LANGUAGE CODE
Language code of text/sound track or separate title
082 ## - DEWEY DECIMAL CLASSIFICATION NUMBER
Classification number 105.23
100 ## - MAIN ENTRY--AUTHOR NAME
Personal name S. K. Sharma
245 #0 - TITLE STATEMENT
Title Management Processes & Organisational Behaviour Part - 1
Statement of responsibility, etc by S. K. Sharma
260 ## - PUBLICATION, DISTRIBUTION, ETC. (IMPRINT)
Name of publisher MIET
Place of publication Jammu
Year of publication 0
300 ## - PHYSICAL DESCRIPTION
Number of Pages 69
650 ## - SUBJECT ADDED ENTRY--TOPICAL TERM
Topical Term Training Notes
942 ## - ADDED ENTRY ELEMENTS (KOHA)
Koha item type Books
Holdings
Accession Number Full call number Price effective from Koha item type Withdrawn / writtenoff status Materials specified (bound volume or other part) Damaged status Not for loan Permanent Location Current Location Shelving location Date acquired Lost/ Missing status department
BE 11428 105.23 10/30/2022 Books   Print     MIET Library, Jammu MIET Library, Jammu BL-Academic Block B, FL-1, CUP-23, SH-1, R-1 04/27/2011   BE